| 000 | 00682nam a2200217 a 4500 | ||
|---|---|---|---|
| 005 | 20250618063837.0 | ||
| 008 | 081109s2002 mx r 000 0 spa d | ||
| 020 | _a9703300022 | ||
| 035 | _aUPN01000166478 | ||
| 049 | _aUNE | ||
| 080 | _a37.014.5 (72) "2002" GOU No.2 Tomo I. | ||
| 100 | 1 |
_aGould Bei, Giacomo _938485 |
|
| 245 | 1 | 3 |
_aLa Administración de la vinculación: Cómo hacer qué, tomo I / _cGiacomo Gould Bei. |
| 260 |
_aMéxico : _bSEP, _c2002. |
||
| 300 |
_a278 p.; _bil. |
||
| 440 | 0 | _aColección Innovación y Calidad; 2, Tomo I | |
| 690 | _aAdministración de la enseñanza | ||
| 690 |
_aGestión educacional _92848 |
||
| 690 | _aMéxico | ||
| 905 | _aUNESCO | ||
| 999 |
_c138589 _d138589 |
||